| 000 | 02177cam a2200385 a 4500 | ||
|---|---|---|---|
| 001 | 116967 | ||
| 005 | 20230410103742.0 | ||
| 008 | 960409s1996 nyua b 001 0deng | ||
| 035 | _9(DLC) 96018031 | ||
| 035 | _a2579053 | ||
| 010 | _a96018031 | ||
| 020 | _a0865659818 | ||
| 040 |
_aDLC _cDLC _dDLC |
||
| 043 | _ae-fr--- | ||
| 050 | 1 | 4 |
_a318 DC 715 _bM34p 1996 |
| 082 | 0 | 0 | _a306.47094436 |
| 100 | 1 | _aMann, Carol. | |
| 245 | 1 | 0 |
_aParis between the wars / _cCarol Mann. |
| 250 | _a1st North American ed. | ||
| 260 |
_aNew York : _bVendome Press, _c1996. |
||
| 300 |
_a208 p. : _bill. ; _c31 cm. |
||
| 504 | _aIncludes bibliographical references (p. 205) and index. | ||
| 505 | 0 | _aThe rise of the western world -- The Habsburg bid for mastery, 1519-1659 -- Finance, geography, and the winning of wars, 1660-1815 -- Industrialization and the shifting global balances, 1815-1885 -- The coming of a bipolar world and the crisis of the "middle powers" : part one, 1885-1918 -- The coming of a bipolar world and the crisis of the "middle powers" : part two, 1919-1942 -- Stability and change in a bipolar world, 1943-1980 -- To the twenty-first century. | |
| 520 | _aThe scope and character of artistic life in Paris during the Roaring Twenties and the Depression Thirties are the subject of the present book, brilliantly treated in a collection of extraordinary photographs and a richly informative text by Carol Mann, novelist, journalist, and scholar of twentieth-century art. The end of what Europeans call the Great War (1914-1918) marked the beginning of tremendous creativity in | ||
| 651 | 0 |
_aParis (France) _xIntellectual life _y20th century. |
|
| 651 | 0 |
_aParis (France) _xSocial life and customs _y20th century. |
|
| 651 | 0 |
_aParís (Francia) _xVida intelectual $y siglo 20 |
|
| 650 | 0 |
_aArts _zFrance _zParis _xHistory _y20th century. |
|
| 650 | 4 | _aPrimera Jornada de Catalogación. | |
| 650 | 0 |
_aIntellectuals _xHomes and haunts _zFrance _zParis. |
|
| 651 | 4 |
_aParís (Francia) _xVida intelectual. |
|
| 651 | 4 |
_aParís (Francia) _xVida social y costumbres. |
|
| 651 | 4 |
_aParís (Francia) _xVida social y costumbres _ySiglo XX. |
|
| 942 |
_2lcc _cbk |
||
| 999 |
_c25123 _d25123 |
||